<?xml version="1.0" encoding="UTF-8"?>
<record
    xmlns:xsi="http://www.w3.org/2001/XMLSchema-instance"
    xsi:schemaLocation="http://www.loc.gov/MARC21/slim http://www.loc.gov/standards/marcxml/schema/MARC21slim.xsd"
    xmlns="http://www.loc.gov/MARC21/slim">

  <leader>01601nab a2200217 i 4500</leader>
  <controlfield tag="001">BPP</controlfield>
  <controlfield tag="003">BPK</controlfield>
  <controlfield tag="005">20140224114555.0</controlfield>
  <controlfield tag="008">140223s2007    pl     f     |000 0 pol</controlfield>
  <datafield tag="040" ind1=" " ind2=" ">
    <subfield code="c">BPK</subfield>
  </datafield>
  <datafield tag="080" ind1=" " ind2=" ">
    <subfield code="a">621.56/.59</subfield>
  </datafield>
  <datafield tag="100" ind1=" " ind2=" ">
    <subfield code="a">BOHDAL, Tadeusz.</subfield>
    <subfield code="d">1996 -  .</subfield>
    <subfield code="b">Politechnika Koszali&#x144;ska - Wydzia&#x142; Mechaniczny,</subfield>
    <subfield code="c">Katedra Techniki Cieplnej i Ch&#x142;odnictwa</subfield>
  </datafield>
  <datafield tag="245" ind1=" " ind2=" ">
    <subfield code="a">Niekt&#xF3;re osobliwo&#x15B;ci oblicze&#x144; ch&#x142;odniczego, parowego obiegu spr&#x119;&#x17C;arkowego z czynnikiem zaolejonym /</subfield>
    <subfield code="c">T. Bohdal, H. Charun.</subfield>
  </datafield>
  <datafield tag="260" ind1=" " ind2=" ">
    <subfield code="c">2007.</subfield>
  </datafield>
  <datafield tag="500" ind1=" " ind2=" ">
    <subfield code="a">Dane z autopsji.</subfield>
  </datafield>
  <datafield tag="520" ind1=" " ind2=" ">
    <subfield code="a">W rzeczywistych obiegach spr&#x119;&#x17C;arkowych stosowanych w parowych urz&#x105;dzeniach ch&#x142;odniczych wyst&#x119;puj&#x105; z regu&#x142;y roztwory (mieszaniny) czynnika ch&#x142;odniczego i oleju smarnego. Wp&#x142;yw oleju na warunki eksploatacji tego typu urz&#x105;dze&#x144; jest na og&#xF3;&#x142; niekorzystny, objawia si&#x119; spadkiem efektywno&#x15B;ci wymiany ciep&#x142;a w parowniku i skraplaczu. Istnieje potrzeba uj&#x119;cia wp&#x142;ywu zawarto&#x15B;ci oleju ju&#x17C; w fazie obliczeniowej obiegu z czynnikiem zaolejonym. Jest to niezwykle wa&#x17C;ny problem, ze wzgl&#x119;du na stosowanie bardzo zr&#xF3;&#x17C;nicowanych zespo&#x142;&#xF3;w czynnika ch&#x142;odniczego (zwykle proekologicznego substytutu freon&#xF3;w) i olej&#xF3;w (w tym syntetycznych). W opracowaniu przedstawiono wybrane aspekty obliczeniowe obieg&#xF3;w spr&#x119;&#x17C;arkowych z czynnikiem zaolejonym.</subfield>
  </datafield>
  <datafield tag="650" ind1=" " ind2="0">
    <subfield code="a">Ch&#x142;odnictwo.</subfield>
  </datafield>
  <datafield tag="700" ind1=" " ind2=" ">
    <subfield code="a">CHARUN, Henryk.</subfield>
    <subfield code="d">1996 - .</subfield>
    <subfield code="b">Politechnika Koszali&#x144;ska - Wydzia&#x142; Mechaniczny,</subfield>
    <subfield code="c">Katedra Techniki Cieplnej i Ch&#x142;odnictwa</subfield>
  </datafield>
  <datafield tag="773" ind1=" " ind2=" ">
    <subfield code="i">W :</subfield>
    <subfield code="t">Ch&#x142;odnictwo i Klimatyzacja. -</subfield>
    <subfield code="g">2007, Nr 9(112), s. 48-53</subfield>
  </datafield>
  <datafield tag="942" ind1=" " ind2=" ">
    <subfield code="c">ART</subfield>
    <subfield code="2">UKD</subfield>
  </datafield>
  <datafield tag="999" ind1=" " ind2=" ">
    <subfield code="c">755</subfield>
    <subfield code="d">755</subfield>
  </datafield>
  <datafield tag="952" ind1=" " ind2=" ">
    <subfield code="0">0</subfield>
    <subfield code="1">0</subfield>
    <subfield code="4">0</subfield>
    <subfield code="7">0</subfield>
    <subfield code="a">BPK</subfield>
    <subfield code="b">BPK</subfield>
    <subfield code="o">0967</subfield>
    <subfield code="y">ART</subfield>
  </datafield>
</record>
